000 00829nam a2200217 4500
001 113439
003 DR-UNIBE
005 20250416104807.0
008 250411b |||||||| |||| 00| 0 spa d
040 _aBIBLIOTECA UNIBE
_cBIBLIOTECA UNIBE
_erda
041 _aspa
082 _aRD 320.97293 G993d
245 1 0 _aDe las elecciones y otros demonios que nos arropan /
_cNelson Antonio Guzmán Ramírez
260 _aSanto Domingo :
_bSecretaria de Estado de Cultura,
_c2007
300 _a151 páginas
650 7 _2lemb
_aElecciones
_zRepública Dominicana
_927027
650 7 _2lemb
_aPartidos políticos
_zRepública Dominicana
_95766
651 7 _2lemb
_a República Dominicana
_xHistoria constitucional
_9194322
651 7 _2lemb
_a República Dominicana --
_xPolítica y gobierno
_y1961-
_916026
942 _2ddc
_cBK
999 _c113439
_d113439